00511nam a2200157Ia 4500999001500000020001800015082001800033245004300051250000800094260004500102300001400147650003800161700002300199942000700222952012400229 c6433d6433 a9780199547463 aRR423.31 OXF- 0aOxford dictionary of modern quotations a3rd aNew DelhibOxford University Pressc2008 axiii, 479 aQuotatious, EnglishvDictionaries aKnowles, Elizabeth cBK 00104070aNASSDOCbNASSDOCd2009-02-18eSSSi2009-01-01l0oRR423.31 OXF-p45081r2019-04-18 00:00:00w2019-04-18yBK